000 00377 a2200169 4500
001 190687
020 _a978-85-01-07744-8
040 _cMagnum
100 _aBerry, Steve
240 1 0 _aO legado dos templários
_lpor
245 1 0 _aO legado dos templários
300 _a573
362 0 _a2008
440 1 _aRecord
697 _aLITERATURA GERAL ESTRANGEIRA
942 _cBK
999 _c190687
_d190687